Czy rozpoznasz modele Forda? - Statystyki

Ogólne statystyki
  • Ten quiz został rozwiązany 366 razy
  • Średni wynik to 11 z 39
Statystyki odpowiedzi
Obrazkowy Odpowiedź % Poprawnych
Mustang I
89%
Focus I
53%
Ka I
43%
Mondeo Mk III
36%
Galaxy I FL
35%
GT
35%
Kuga I
35%
Focus III
34%
Mondeo Mk II
34%
Mustang V
34%
Fiesta VI
33%
Focus II
33%
Mondeo Mk IV
33%
Mondeo Mk V
32%
Mustang VI
32%
Ka II
31%
Fiesta III
30%
Fiesta VII
29%
Puma
28%
Focus IV
27%
Fiesta IV
25%
Fiesta V
25%
Cougar
23%
Galaxy II
23%
Crown Victoria II
21%
Kuga II
21%
Mustang II
20%
F-150 (F-Series XII)
19%
Probe I
19%
Sierra
18%
Transit VIII
18%
Ka III
16%
Probe II
14%
Escort Mk VII
13%
Explorer II
11%
Mustang III
11%
Edge I
10%
Taurus V
4%
Taurus VI
4%
Nie znaleziono quizów pasujących do podanych kryteriów
Rozkład punktacji
Procent ludzi z każdym wynikiem
Percentyl według liczby udzielonych odpowiedzi
Twoja historia wyników
Nie rozwiązałeś tego quizu